For Sale: Game of Thrones Quiz Stats

 Plays Quiz Updated Apr 21, 2019

Score 0/20 Timer 12:00
2 Plays Today
% Correct
winter
99.3%
Castle Black
82.5%
moon
63.2%
Braavos
61.6%
Harrenhal
60.9%
Tully
59.2%
Aegon
58.8%
Tarly
57.5%
Narrow Sea
57%
Red Keep
53.9%
% Correct
Tyrion Lannister
53.1%
Highgarden
52.2%
kraken
51.2%
Hardhome
41.9%
Dreadfort
40.7%
Xaro Xhoan Daxos
36.6%
Vaes Dothrak
36.3%
Astapor
34.8%
Trident
34.1%
Water Gardens
28.6%

You're not logged in!

Compare scores with friends on all Sporcle quizzes.
OR
Log In

Sporcle TV

Today on Sporcle TV


Watch our educational content, quiz creation guides, and fun videos on Sporcle TV.

Show Comments

Extras

Top Quizzes Today


Score Distribution

Your Account Isn't Verified!

In order to create a playlist on Sporcle, you need to verify the email address you used during registration. Go to your Sporcle Settings to finish the process.

Report this User

Report this user for behavior that violates our Community Guidelines.

Details: